Radiohead Trivia - Statistics

General Stats
  • This quiz has been taken 137 times
    134 since last reset
  • The average score is 12 of 20
Answer Stats
Question Answer % Correct
Who is the Front man? Thom Yorke
99%
What is 2+2? 5
97%
What was the lead single for 'Pablo honey' that the band hated? Creep
89%
What is the opening song on 'The Bends'? Planet telex
83%
What album has the least songs on it? The king of limbs
76%
What song was originally made for 'Romeo and Juliet'? Exit music (for a film)
74%
When did the pay what you want album release? 2007
68%
What is the closing track on 'Kid A' called? Motion picture soundtrack
63%
What song produced the running joke that the band predicted the blue sky film 'Ice age'? Idioteque
61%
Who is the Drummer? Phillip Selway
61%
What american animated TV comedy made fun of Thom Yorke for being a 'renound weirdo'? Family guy
60%
What time signature is 'Everything in its right place' in? 10/4
57%
What song was played at the infamous MTV beachhouse performance? Anyone can play guitar
57%
What pop band is often compared to radiohead? Coldplay
49%
Who did the speaker want to be in 'Anyone can play guitar'? Jim Morrison
47%
What is Thom Yorke's favourite song they've produced? How to disappear completely
46%
What song did the band attempt to completely scrub from the internet? Pop is dead
39%
Who does all the bands artwork? Stanley Donwood
32%
Who gave Thom Yorke advice on how to deal withthe stress of touring Micheal Stipe
14%
What Youtuber called 'Kid A' the biggest left turn inmusic history? Middle 8
10%
No matching quizzes found
Score Distribution
Percent of People with Each Score
Percentile by Number Answered
Your Score History
You have not taken this quiz since the last reset